ბათუმის შოთა რუსთაველის სახელმწიფო უნივერსიტეტის ბიბლიოთეკა

აგროტექნიკური ღონისძიებების ჩატარება ვაზისა და ხეხილოვანი კულტურებისათვის : (ბიბ.ჩანაწერი № 50782)

000 -ლიდერი
ფიქსირებული სიგრძის საკონტროლო ველი 01276nam a2200241Ia 4500
001 - საკონტროლო ნომერი
საკონტროლო ველი 17734
003 - საკონტროლო ნომრის იდენტიფიკატორი
საკონტროლო ველი GE_BSU
005 - ბოლო ოპერაციის თარიღი და დრო
საკონტროლო ველი 20250501112304.0
008 - ფიქსირებული სიგრძის მონაცემთა ელემენტები - ზოგადი ინფორმაცია
ფიქსირებული სიგრძის საკონტროლო ველი 181216s2015||||ge |||||||||||||| ||geo||
020 ## - წიგნის საერთაშორისო სტანდარტული ნომერი
International Standard Book Number 9789941453854
040 ## - კატალოგიზაციის წყარო
Transcribing agency GE_BSU
041 ## - ენის კოდი
Language code of text/sound track or separate title geo
080 ## - უნივერსალური ათობითი კლასიფიკაციის ინდექსი
Universal Decimal Classification number 631.5+634.8(075.8) წ-66
100 ## - მთავარი ჩანაწერი - პიროვნების სახელი
Personal name წიქორიძე, მ.
9 (RLIN) 24979
245 ## - ცნობა სათაურის შესახებ
Title აგროტექნიკური ღონისძიებების ჩატარება ვაზისა და ხეხილოვანი კულტურებისათვის :
Remainder of title [დამხმარე სახელმძღვანელო] /
Statement of responsibility, etc მ. წიქორიძე; რედაქტორი სოსო თავბერიძე.
264 ## - წარმოების, გამოცემის, დისტრიბუციის და სხვა ცნობები
გამოცემის, წარმოების, დისტრიბუციის... ადგილი ქუთაისი :
გამოცემის, წარმოების, დისტრიბუციის... სახელწოდება აკაკი წერეთლის სახელმწ. უნ-ტის გამ-ბა,
გამოცემის, წარმოების, დისტრიბუციის... თარიღი 2015.
300 ## - ფიზიკური აღწერა
Extent 316 გვ. ილ.21სმ.
300 ## - ფიზიკური აღწერა
Accompanying material ბიბლ.გვ.309-311
653 ## - INDEX TERM--UNCONTROLLED
Uncontrolled term ვაზის აგროტექნიკა
653 ## - INDEX TERM--UNCONTROLLED
Uncontrolled term ხეხილოვანი კულტურების აგროტექნიკა
700 ## - ADDED ENTRY--PERSONAL NAME
Personal name თავბერიძე, სოსო
Relator term რედაქტორი
9 (RLIN) 2126
942 ## - ADDED ENTRY ELEMENTS (KOHA)
Koha item type წიგნი
Source of classification or shelving scheme
ეგზემპლარები
ჩამოწერის სტატუსი დაკარგული ეგზემპლარის სტატუსი კლასიფიკაციის წყარო ან თაროზე გაწყობის სქემა დაზიანების სტატუსი არ გაიცემა მუდმივი მდებარეობა (დაცვის ადგილი) ამჟამინდელი ადგილსამყოფელი თაროზე განთავსების ადგილი შეძენის თარიღი ღირებულება, შესყიდვის ნორმალური ფასი სრული შენახვის შიფრი შტრიხკოდი ბოლო ოპერაციის თარიღი ეგზემპლარის მიმდევრობითი ნომერი (კეტერი?) ფასის ძალაში შესვლის თარიღი ეგზემპლარის სახეობა Uniform Resource Identifier საჯარო შენიშვნა
          აგრარული და მემბრანული ტექნოლოგიების ინსტიტუტის ბიბლიოთეკა აგრარული და მემბრანული ტექნოლოგიების ინსტიტუტის ბიბლიოთეკა წიგნსაცავი 2018-12-17 0.00 631.5+634.8(075.8) წ-66 41591 2018-12-17 41591 2018-12-17 წიგნი    
          აგრარული და მემბრანული ტექნოლოგიების ინსტიტუტის ბიბლიოთეკა აგრარული და მემბრანული ტექნოლოგიების ინსტიტუტის ბიბლიოთეკა წიგნსაცავი 2025-05-01 10.00 631.5+634.8(075.8) წ-66 71304 2025-05-01 71304 2025-05-01 წიგნი ნაჩუქარი 10 ლ.